[Event "Gibtelecom ChallWk1 6th"]
[Site "Gibraltar"]
[Date "2008.01.25"]
[Round "4.11"]
[White "Georgieva, Emilia"]
[Black "Schmidt, Raul"]
[Result "0-1"]
[WhiteElo "1985"]
[BlackElo "2160"]
[PlyCount "124"]
[EventDate "2008.01.22"]
[EventType "swiss"]
[EventRounds "5"]
[EventCountry "GGB"]
[SourceTitle "BritBase"]
[Source "www.saund.co.uk"]
[SourceDate "2018.02.10"]
[SourceVersion "1"]
[SourceVersionDate "2018.02.10"]
[SourceQuality "1"]

1. d4 d6 2. Nf3 Bg4 3. Nbd2 Nd7 4. c3 Ngf6 5. Qb3 Rb8 6. Ng5 e6 7. h3 Bh5 8. e3
Bg6 9. Bc4 d5 10. Be2 c5 11. c4 Be7 12. O-O O-O 13. f4 cxd4 14. exd4 dxc4 15.
Nxc4 Ne4 16. Nxe4 Bxe4 17. Bf3 Bxf3 18. Rxf3 Nf6 19. Be3 Qd5 20. Nd2 Rbc8 21.
Qd3 Rfd8 22. Nb3 g6 23. Raf1 b6 24. g4 Qe4 25. Qxe4 Nxe4 26. Rc1 Rxc1+ 27. Bxc1
f5 28. gxf5 gxf5 29. Rd3 Kf7 30. Be3 Rg8+ 31. Kh2 Nf6 32. Nd2 Nd5 33. Nf3 Bd6
34. Ne5+ Bxe5 35. dxe5 Rc8 36. Kg3 Rc2 37. Bd4 Ke8 38. a3 Kd7 39. Bc3 Kc6 40.
Rd2 Rxd2 41. Bxd2 Kc5 42. Kh4 Kd4 43. Kg5 Kd3 44. Bb4 Ke3 45. h4 Nxf4 46. Kf6
Ng2 47. Kxe6 f4 48. Kd7 Nxh4 49. e6 Nf5 50. e7 Nxe7 51. Bxe7 f3 52. Bh4 f2 53.
Bxf2+ Kxf2 54. Kc6 h5 55. Kb7 a5 56. Kxb6 a4 57. Kb5 h4 58. Kxa4 h3 59. b4 h2
60. b5 h1=Q 61. Kb4 Ke3 62. a4 Kd4 0-1

[Event "Gibtelecom ChallWk1 6th"]
[Site "Gibraltar"]
[Date "2008.01.25"]
[Round "4.12"]
[White "Dennis, Nigel W"]
[Black "Osuna Vega, Enrique"]
[Result "0-1"]
[WhiteElo "1957"]
[BlackElo "2146"]
[PlyCount "104"]
[EventDate "2008.01.22"]
[EventType "swiss"]
[EventRounds "5"]
[EventCountry "GGB"]
[SourceTitle "BritBase"]
[Source "www.saund.co.uk"]
[SourceDate "2018.02.10"]
[SourceVersion "1"]
[SourceVersionDate "2018.02.10"]
[SourceQuality "1"]

1. e4 d6 2. c4 c5 3. Nf3 Nf6 4. Nc3 g6 5. d4 cxd4 6. Nxd4 Bg7 7. Be2 O-O 8. O-O
Nc6 9. Be3 Bd7 10. f4 a6 11. Kh1 Rc8 12. Qd2 Nxd4 13. Bxd4 Bc6 14. Bf3 Qc7 15.
Rfd1 Nd7 16. b4 Bxd4 17. Qxd4 Qb6 18. b5 Qxd4 19. Rxd4 Bxb5 20. Nxb5 axb5 21.
cxb5 Nc5 22. Rdd1 Ra8 23. e5 dxe5 24. fxe5 Ra5 25. b6 Rfa8 26. Bd5 e6 27. Bc4
Na4 28. Rd6 Rxe5 29. Rad1 Kg7 30. h3 Rc8 31. Bb3 Nc5 32. Rc1 Ra8 33. Bc4 h5 34.
Kh2 Kf6 35. Rc2 Ra5 36. Rd8 Re4 37. Be2 Ke7 38. Rc8 Re5 39. Rc7+ Kf6 40. Bf3
Rb5 41. a4 Nxa4 42. Rxb7 Rxb6 43. Ra7 Nc5 44. Ra5 Ne4 45. Ra7 Ng5 46. Ba8 Rb4
47. Rcc7 Re2 48. Rd7 h4 49. Kg1 Rb1+ 50. Kh2 Ree1 51. g3 Rb2+ 52. Bg2 Nf3# 0-1

[Event "Gibtelecom ChallWk1 6th"]
[Site "Gibraltar"]
[Date "2008.01.25"]
[Round "4.13"]
[White "Quinn, Joseph"]
[Black "Hansen, Pal Andreas"]
[Result "1/2-1/2"]
[WhiteElo "1750"]
[BlackElo "2108"]
[PlyCount "67"]
[EventDate "2008.01.22"]
[EventType "swiss"]
[EventRounds "5"]
[EventCountry "GGB"]
[SourceTitle "BritBase"]
[Source "www.saund.co.uk"]
[SourceDate "2018.02.10"]
[SourceVersion "1"]
[SourceVersionDate "2018.02.10"]
[SourceQuality "1"]

1. e4 c5 2. c3 Nf6 3. e5 Nd5 4. d4 cxd4 5. Nf3 Nc6 6. Bc4 Nb6 7. Bb3 d6 8. exd6
Qxd6 9. Na3 a6 10. cxd4 e6 11. O-O Be7 12. Be3 O-O 13. Bc2 Bf6 14. Ng5 Bxg5 15.
Bxg5 Qxd4 16. Qh5 g6 17. Qh6 Qg7 18. Qh4 h5 19. Bf6 Qh7 20. f4 Nd5 21. Nc4 b5
22. Ne5 Nd4 23. Be4 Nf5 24. Qg5 Ra7 25. Bxd5 exd5 26. h3 Qh6 27. Qxh6 Nxh6 28.
Nc6 Rd7 29. Rad1 Bb7 30. Ne7+ Kh7 31. Rfe1 Re8 32. Kf2 Ng8 33. Nxg8 Rxg8 34.
Re5 1/2-1/2

[Event "Gibtelecom ChallWk1 6th"]
[Site "Gibraltar"]
[Date "2008.01.25"]
[Round "4.14"]
[White "Foisor, Veronica"]
[Black "Tofte, Sondre Waage"]
[Result "1-0"]
[WhiteElo "2043"]
[BlackElo "2108"]
[PlyCount "95"]
[EventDate "2008.01.22"]
[EventType "swiss"]
[EventRounds "5"]
[EventCountry "GGB"]
[SourceTitle "BritBase"]
[Source "www.saund.co.uk"]
[SourceDate "2018.02.10"]
[SourceVersion "1"]
[SourceVersionDate "2018.02.10"]
[SourceQuality "1"]

1. d4 Nf6 2. c4 e6 3. Nc3 Bb4 4. a3 Bxc3+ 5. bxc3 b6 6. f3 Ba6 7. e4 d6 8. Bd3
Qd7 9. Ne2 Nc6 10. O-O Na5 11. f4 Bxc4 12. Bxc4 Nxc4 13. Qd3 d5 14. Ng3 O-O-O
15. e5 Ng8 16. Ne4 f5 17. Nd2 Qa4 18. Rb1 a5 19. Qf3 Ne7 20. Qd1 Qxd1 21. Rxd1
Nxd2 22. Rxd2 h6 23. Rc2 Kb7 24. a4 Nc6 25. h4 Rd7 26. Ba3 Rg8 27. Bc1 Ka6 28.
Kf2 Rb8 29. Rcb2 Na7 30. Kf3 c6 31. g4 fxg4+ 32. Kxg4 b5 33. f5 exf5+ 34. Kxf5
Rf8+ 35. Kg4 Rdf7 36. Re2 Rf1 37. e6 Re8 38. e7 Rf6 39. Ba3 Nc8 40. Rbe1 Kb7
41. axb5 cxb5 42. Re6 Rxe6 43. Rxe6 Kc7 44. Re5 Nb6 45. Bc5 Nc4 46. Re6 a4 47.
Ra6 a3 48. Kf5 1-0

[Event "Gibtelecom ChallWk1 6th"]
[Site "Gibraltar"]
[Date "2008.01.25"]
[Round "4.15"]
[White "Larsson, Daniel"]
[Black "Vea, Odin Blikra"]
[Result "0-1"]
[WhiteElo "2003"]
[BlackElo "2168"]
[PlyCount "62"]
[EventDate "2008.01.22"]
[EventType "swiss"]
[EventRounds "5"]
[EventCountry "GGB"]
[SourceTitle "BritBase"]
[Source "www.saund.co.uk"]
[SourceDate "2018.02.10"]
[SourceVersion "1"]
[SourceVersionDate "2018.02.10"]
[SourceQuality "1"]

1. e4 d5 2. exd5 Nf6 3. d4 Nxd5 4. c4 Nb6 5. Nc3 e5 6. dxe5 Qxd1+ 7. Nxd1 Nc6
8. Nf3 Bg4 9. Bf4 Bxf3 10. gxf3 Nd4 11. Rc1 Nxf3+ 12. Ke2 Nd4+ 13. Ke1 O-O-O
14. Nc3 Be7 15. Bg2 Ne6 16. Bg3 Bg5 17. Rd1 Rxd1+ 18. Kxd1 Rd8+ 19. Kc2 Rd2+
20. Kb1 Nxc4 21. b3 Na3+ 22. Ka1 Be7 23. Nb1 Nxb1 24. Kxb1 Bc5 25. Kc1 Rxa2 26.
Kb1 Rd2 27. Kc1 Re2 28. Bf1 Ba3+ 29. Kb1 Rb2+ 30. Ka1 Nd4 31. Bh3+ Kb8 0-1

[Event "Gibtelecom ChallWk1 6th"]
[Site "Gibraltar"]
[Date "2008.01.25"]
[Round "4.16"]
[White "Getz, Nicolai"]
[Black "Ungureanu, Sandu"]
[Result "1/2-1/2"]
[WhiteElo "2019"]
[BlackElo "2137"]
[PlyCount "104"]
[EventDate "2008.01.22"]
[EventType "swiss"]
[EventRounds "5"]
[EventCountry "GGB"]
[SourceTitle "BritBase"]
[Source "www.saund.co.uk"]
[SourceDate "2018.02.10"]
[SourceVersion "1"]
[SourceVersionDate "2018.02.10"]
[SourceQuality "1"]

1. e4 c5 2. Nf3 d6 3. d4 cxd4 4. Nxd4 Nf6 5. Nc3 g6 6. Bc4 Bg7 7. f3 Nc6 8. Be3
a6 9. Qd2 Bd7 10. Nxc6 Bxc6 11. Bh6 Bxh6 12. Qxh6 Qa5 13. O-O-O Rf8 14. Qe3
O-O-O 15. Rhe1 Qc5 16. Bd5 Qxe3+ 17. Rxe3 Kc7 18. Rde1 e6 19. Bxc6 Kxc6 20. e5
dxe5 21. Rxe5 Rd6 22. Rd1 Rxd1+ 23. Kxd1 h5 24. Ke2 Rd8 25. g3 b5 26. a3 Rd4
27. Ke3 Rd7 28. Ke2 Rd4 29. Ke3 Rc4 30. Kd3 Nd7 31. Re3 h4 32. b3 Nc5+ 33. Ke2
hxg3 34. hxg3 Rd4 35. Ne4 Nxe4 36. Rxe4 Rxe4+ 37. fxe4 f5 38. exf5 exf5 39. Ke3
g5 40. Kd4 Kd6 41. c3 a5 42. c4 bxc4 43. Kxc4 Ke5 44. Kd3 f4 45. gxf4+ Kxf4 46.
b4 a4 47. Ke2 Ke4 48. Kf2 Kf4 49. Kg2 Ke4 50. Kg3 Kf5 51. Kh2 Kf4 52. Kg2 Ke4
1/2-1/2

[Event "Gibtelecom ChallWk1 6th"]
[Site "Gibraltar"]
[Date "2008.01.25"]
[Round "4.17"]
[White "Morris-Hill, Ray"]
[Black "Lindsoe, Fredrik Aunan"]
[Result "0-1"]
[WhiteElo "2129"]
[BlackElo "2001"]
[PlyCount "50"]
[EventDate "2008.01.22"]
[EventType "swiss"]
[EventRounds "5"]
[EventCountry "GGB"]
[SourceTitle "BritBase"]
[Source "www.saund.co.uk"]
[SourceDate "2018.02.10"]
[SourceVersion "1"]
[SourceVersionDate "2018.02.10"]
[SourceQuality "1"]

1. d4 Nf6 2. Nf3 e6 3. e3 d5 4. Bd3 c5 5. b3 Nc6 6. O-O Bd6 7. Bb2 cxd4 8. exd4
O-O 9. a3 Ne4 10. Nbd2 f5 11. c4 Qf6 12. b4 Bf4 13. Nb3 Ne7 14. Bc1 Bc7 15. Bb2
Ng6 16. Rc1 Rf7 17. Re1 Nf4 18. Bf1 Qh6 19. Ne5 Rf6 20. Nd2 Nxd2 21. cxd5 Bxe5
22. dxe5 Nxf1 23. Rxf1 Rg6 24. g3 Qh3 25. Qf3 Rh6 0-1

[Event "Gibtelecom ChallWk1 6th"]
[Site "Gibraltar"]
[Date "2008.01.25"]
[Round "4.18"]
[White "Bryn, Askild"]
[Black "Vinas Guerrero, Carlos A"]
[Result "1/2-1/2"]
[WhiteElo "1997"]
[BlackElo "2129"]
[PlyCount "94"]
[EventDate "2008.01.22"]
[EventType "swiss"]
[EventRounds "5"]
[EventCountry "GGB"]
[SourceTitle "BritBase"]
[Source "www.saund.co.uk"]
[SourceDate "2018.02.10"]
[SourceVersion "1"]
[SourceVersionDate "2018.02.10"]
[SourceQuality "1"]

1. e4 c5 2. Nc3 a6 3. a4 e6 4. g3 Nc6 5. Bg2 Nf6 6. d3 Be7 7. f4 d5 8. e5 Nd7
9. Nf3 O-O 10. O-O Rb8 11. Ne2 f6 12. Bh3 f5 13. g4 g6 14. Kh1 Kh8 15. Rg1 Nb6
16. gxf5 exf5 17. d4 c4 18. b3 cxb3 19. cxb3 Na8 20. Nc3 Nc7 21. Ra2 Ne6 22.
Be3 Rf7 23. Rag2 Rg7 24. Ne1 Nb4 25. Qf3 b6 26. Nc2 Bb7 27. Nxb4 Bxb4 28. Na2
Bf8 29. Rc2 Rc8 30. Rxc8 Qxc8 31. Rc1 Rc7 32. Rxc7 Qxc7 33. Qf2 Kg8 34. Bg2 Be7
35. Qb2 Qc6 36. Nc3 Nc7 37. b4 Qc4 38. Na2 Bc6 39. a5 bxa5 40. bxa5 Nb5 41. Qc1
Qxc1+ 42. Nxc1 Bb4 43. Nb3 Kf7 44. Bf1 Nc7 45. Bd2 Bxd2 46. Nxd2 Ba4 47. Kg2
Nb5 1/2-1/2

[Event "Gibtelecom ChallWk1 6th"]
[Site "Gibraltar"]
[Date "2008.01.25"]
[Round "4.19"]
[White "Skage, Oystein Aagedal"]
[Black "Suez-Panama, Gilles"]
[Result "0-1"]
[WhiteElo "1919"]
[BlackElo "2099"]
[PlyCount "78"]
[EventDate "2008.01.22"]
[EventType "swiss"]
[EventRounds "5"]
[EventCountry "GGB"]
[SourceTitle "BritBase"]
[Source "www.saund.co.uk"]
[SourceDate "2018.02.10"]
[SourceVersion "1"]
[SourceVersionDate "2018.02.10"]
[SourceQuality "1"]

1. e4 e6 2. d4 d5 3. Nc3 Nf6 4. e5 Nfd7 5. f4 c5 6. Nf3 Nc6 7. Be3 a6 8. Qd2 b5
9. a3 Rb8 10. dxc5 Bxc5 11. Bxc5 Nxc5 12. b4 Nd7 13. Ne2 Nb6 14. Ned4 Bd7 15.
Bd3 Nxd4 16. Nxd4 Rc8 17. O-O Nc4 18. Qf2 O-O 19. Kh1 f5 20. Nb3 Kh8 21. Nc5
Rc6 22. Qd4 Bc8 23. Bxc4 bxc4 24. a4 Qe7 25. a5 g5 26. fxg5 Qxg5 27. Qf4 Qe7
28. Ra3 Rg8 29. Rg3 Rxg3 30. Qxg3 Bd7 31. Nxd7 Qxd7 32. Qg5 Qg7 33. Qd8+ Qg8
34. Qd7 Qc8 35. Qe7 Rc7 36. Qf6+ Rg7 37. h4 Kg8 38. c3 Qe8 39. Rf3 Rg6 0-1

[Event "Gibtelecom ChallWk1 6th"]
[Site "Gibraltar"]
[Date "2008.01.25"]
[Round "4.20"]
[White "Pettersson, Anders"]
[Black "Wheldon, Philip"]
[Result "1-0"]
[WhiteElo "1984"]
[BlackElo "2096"]
[PlyCount "88"]
[EventDate "2008.01.22"]
[EventType "swiss"]
[EventRounds "5"]
[EventCountry "GGB"]
[SourceTitle "BritBase"]
[Source "www.saund.co.uk"]
[SourceDate "2018.02.10"]
[SourceVersion "1"]
[SourceVersionDate "2018.02.10"]
[SourceQuality "1"]

1. d4 d5 2. c4 dxc4 3. e4 Nc6 4. Be3 Nf6 5. Nc3 e5 6. d5 Nb8 7. Bxc4 Bd6 8.
Nge2 Ng4 9. Qd2 Nxe3 10. Qxe3 O-O 11. f3 f5 12. O-O-O f4 13. Qf2 Qf6 14. Kb1
Nd7 15. Nb5 Nb6 16. Rc1 Bd7 17. Bd3 Bxb5 18. Bxb5 a6 19. Bc4 Nd7 20. Bb3 Rf7
21. Rc2 Kh8 22. Nc1 g5 23. h3 Rg7 24. Nd3 Qh6 25. Qe1 Qg6 26. Qc1 h5 27. Rxc7
Bxc7 28. Qxc7 Qe8 29. Rc1 Qb8 30. d6 Qa7 31. Qc4 Re8 32. Qb4 Qb6 33. Qxb6 Nxb6
34. Rc5 Nd7 35. Rc7 Nf8 36. Bf7 Rd8 37. Nxe5 Rxd6 38. Rc8 Rd1+ 39. Kc2 Rg1 40.
Rxf8+ Kh7 41. Bxh5 Rxg2+ 42. Kb3 Rc7 43. Rf7+ Rxf7 44. Nxf7 Kg7 1-0

[Event "Gibtelecom ChallWk1 6th"]
[Site "Gibraltar"]
[Date "2008.01.25"]
[Round "4.21"]
[White "Gandrud, Vegar Koi"]
[Black "Strand, Haakon"]
[Result "1/2-1/2"]
[WhiteElo "1819"]
[BlackElo "2045"]
[PlyCount "60"]
[EventDate "2008.01.22"]
[EventType "swiss"]
[EventRounds "5"]
[EventCountry "GGB"]
[SourceTitle "BritBase"]
[Source "www.saund.co.uk"]
[SourceDate "2018.02.10"]
[SourceVersion "1"]
[SourceVersionDate "2018.02.10"]
[SourceQuality "1"]

1. d4 Nf6 2. c4 e6 3. Nf3 c5 4. Nc3 cxd4 5. Nxd4 Nc6 6. a3 d5 7. Nxc6 bxc6 8.
Bg5 Be7 9. e3 O-O 10. Be2 a5 11. O-O Rb8 12. Qc2 Ba6 13. Rfd1 Qb6 14. c5 Qb7
15. Bxa6 Qxa6 16. b4 e5 17. Qf5 e4 18. b5 cxb5 19. Nxd5 Nxd5 20. Rxd5 Bxg5 21.
Qxg5 Qf6 22. Qxf6 gxf6 23. c6 Rfc8 24. Rc1 Kg7 25. g3 Rb6 26. a4 bxa4 27. Rxa5
Rbxc6 28. Rxc6 Rxc6 29. Rxa4 f5 30. Kg2 Kg6 1/2-1/2

[Event "Gibtelecom ChallWk1 6th"]
[Site "Gibraltar"]
[Date "2008.01.25"]
[Round "4.22"]
[White "Thollin, Robert"]
[Black "Molina, Antonio"]
[Result "1-0"]
[WhiteElo "2011"]
[BlackElo "2011"]
[PlyCount "108"]
[EventDate "2008.01.22"]
[EventType "swiss"]
[EventRounds "5"]
[EventCountry "GGB"]
[SourceTitle "BritBase"]
[Source "www.saund.co.uk"]
[SourceDate "2018.02.10"]
[SourceVersion "1"]
[SourceVersionDate "2018.02.10"]
[SourceQuality "1"]

1. e4 c5 2. Nc3 d6 3. Nf3 Bg4 4. Bc4 e6 5. h3 Bh5 6. d3 Nc6 7. g4 Bg6 8. h4 h5
9. g5 Nge7 10. Qe2 a6 11. a4 Ne5 12. Nxe5 dxe5 13. Nd1 Nc6 14. c3 Be7 15. Rg1
Qa5 16. Bd2 O-O-O 17. Ne3 Qc7 18. f3 Na5 19. Kd1 Rd7 20. Kc2 Rhd8 21. Rgd1 Kb8
22. Be1 Ka8 23. Qg2 Bd6 24. Ba2 Qc6 25. Bc4 Bc7 26. Qe2 f5 27. b4 cxb4 28. cxb4
Nxc4 29. Nxc4 fxe4 30. fxe4 Kb8 31. Kb3 Be8 32. Rac1 Re7 33. Nb2 Qd6 34. Nc4
Qd7 35. Nb2 Bb6 36. Bf2 Bd4 37. Bxd4 exd4 38. Rf1 e5 39. Ka3 Bf7 40. a5 Be8 41.
Rc5 Rc8 42. Rfc1 Rxc5 43. Rxc5 Qh3 44. Qc2 Bc6 45. Qf2 Rc7 46. Qf8+ Qc8 47. Qd6
Qh3 48. Qxe5 Qxh4 49. Qxd4 Qe1 50. Qc3 Qa1+ 51. Kb3 h4 52. d4 h3 53. Qxh3 Rf7
54. Qc3 Rf2 1-0

[Event "Gibtelecom ChallWk1 6th"]
[Site "Gibraltar"]
[Date "2008.01.25"]
[Round "4.23"]
[White "Kandic, Milan"]
[Black "Jorgensen, Line Jin"]
[Result "1-0"]
[WhiteElo "2238"]
[BlackElo "1867"]
[PlyCount "155"]
[EventDate "2008.01.22"]
[EventType "swiss"]
[EventRounds "5"]
[EventCountry "GGB"]
[SourceTitle "BritBase"]
[Source "www.saund.co.uk"]
[SourceDate "2018.02.10"]
[SourceVersion "1"]
[SourceVersionDate "2018.02.10"]
[SourceQuality "1"]

1. e4 c5 2. Nf3 d6 3. d4 cxd4 4. Nxd4 Nf6 5. Nc3 a6 6. Bc4 e6 7. Bb3 Be7 8. Be3
O-O 9. Qe2 b5 10. f3 Bb7 11. O-O-O d5 12. e5 Nfd7 13. f4 Nc5 14. f5 Nxb3+ 15.
axb3 b4 16. Na4 Bg5 17. fxe6 Nc6 18. exf7+ Rxf7 19. Nxc6 Bxc6 20. e6 Rf8 21.
Kb1 Bxe3 22. Qxe3 Qe7 23. Rhf1 Rxf1 24. Rxf1 d4 25. Qxd4 Qxe6 26. g3 Qe2 27.
Qf2 Qxf2 28. Rxf2 Rf8 29. Rxf8+ Kxf8 30. c3 Ke7 31. Kc2 Be4+ 32. Kd2 Kd6 33.
cxb4 Kc6 34. Nc5 Bf5 35. Kc3 Kb6 36. Kc4 Bg4 37. Na4+ Kc6 38. Nc5 Bf5 39. Kd4
Kb5 40. Kc3 a5 41. Nb7 axb4+ 42. Kd4 Bc2 43. Nd6+ Kc6 44. Ne8 Bxb3 45. Nxg7 Kb5
46. h4 Ka4 47. Kc5 Bd1 48. Nf5 Kb3 49. Nd4+ Kxb2 50. Kxb4 Bg4 51. Kc4 Kc1 52.
Kd3 Kd1 53. Ke3 Bh5 54. Kf4 Kd2 55. g4 Kd3 56. Nf3 Be8 57. h5 h6 58. Nh4 Kd4
59. Nf5+ Kd5 60. Nxh6 Ke6 61. Nf5 Ba4 62. Nd4+ Kf7 63. g5 Bd1 64. Nf3 Kg7 65.
h6+ Kh7 66. Nh4 Bh5 67. Ke5 Bf7 68. Kf6 Bh5 69. Nf5 Bg6 70. Nd4 Be8 71. Ne6 Bh5
72. Nf8+ Kg8 73. g6 Bxg6 74. Kxg6 Kh8 75. Nd7 Kg8 76. Ne5 Kh8 77. Nf7+ Kg8 78.
h7+ 1-0

[Event "Gibtelecom ChallWk1 6th"]
[Site "Gibraltar"]
[Date "2008.01.25"]
[Round "4.24"]
[White "Hickman, John E"]
[Black "Pettersen, Joar Gullestad"]
[Result "1-0"]
[WhiteElo "2009"]
[BlackElo "2026"]
[PlyCount "69"]
[EventDate "2008.01.22"]
[EventType "swiss"]
[EventRounds "5"]
[EventCountry "GGB"]
[SourceTitle "BritBase"]
[Source "www.saund.co.uk"]
[SourceDate "2018.02.10"]
[SourceVersion "1"]
[SourceVersionDate "2018.02.10"]
[SourceQuality "1"]

1. Nf3 Nf6 2. g3 g6 3. Bg2 Bg7 4. O-O O-O 5. d3 d5 6. Nbd2 c5 7. e4 Nc6 8. c3
e5 9. Re1 Re8 10. exd5 Nxd5 11. Qb3 Nb6 12. Ne4 c4 13. dxc4 Be6 14. Be3 Na5 15.
Qc2 Naxc4 16. Bc1 Qc7 17. b3 Nd6 18. Nxd6 Qxd6 19. Bb2 f6 20. Rad1 Qc7 21. c4
Rad8 22. h3 Nd7 23. Kh2 b5 24. Nd2 bxc4 25. Nxc4 Nb6 26. Ne3 Qe7 27. Qe2 Qb4
28. Nc2 Qa5 29. Rxd8 Rxd8 30. Nd4 exd4 31. Qxe6+ Kh8 32. Bxd4 Nd7 33. Qe2 Ne5
34. Rd1 Nc6 35. Bxc6 1-0

[Event "Gibtelecom ChallWk1 6th"]
[Site "Gibraltar"]
[Date "2008.01.25"]
[Round "4.25"]
[White "Revesz, Kinga"]
[Black "Reichard, Sigge"]
[Result "1-0"]
[WhiteElo "2026"]
[BlackElo "1967"]
[PlyCount "85"]
[EventDate "2008.01.22"]
[EventType "swiss"]
[EventRounds "5"]
[EventCountry "GGB"]
[SourceTitle "BritBase"]
[Source "www.saund.co.uk"]
[SourceDate "2018.02.10"]
[SourceVersion "1"]
[SourceVersionDate "2018.02.10"]
[SourceQuality "1"]

1. e4 e5 2. Nf3 Nc6 3. Bc4 Bc5 4. c3 Nf6 5. d3 d6 6. Nbd2 O-O 7. Nf1 Be6 8. Bb3
Bxb3 9. axb3 Ne7 10. Ng3 Ng6 11. Nf5 d5 12. Qe2 Qd7 13. O-O h6 14. h3 Rad8 15.
Be3 Bb6 16. Bxb6 axb6 17. Rfd1 c5 18. N3h4 Nxh4 19. Nxh4 Ra8 20. Nf5 dxe4 21.
dxe4 Rxa1 22. Rxa1 Rd8 23. Qe3 Qe6 24. Qg3 Ne8 25. Ra7 Kh7 26. Rxb7 g6 27. Ne3
Nf6 28. Nc4 Nd7 29. Qd3 Qc6 30. Ra7 f6 31. Nxb6 Qxb6 32. Rxd7+ Rxd7 33. Qxd7+
Kg8 34. Qe8+ Kg7 35. Qe7+ Kg8 36. b4 cxb4 37. Qxb4 Qa7 38. Qc4+ Kg7 39. b4 Qa3
40. Qc7+ Kg8 41. Qd8+ Kf7 42. Qd2 Qb3 43. Qd5+ 1-0

[Event "Gibtelecom ChallWk1 6th"]
[Site "Gibraltar"]
[Date "2008.01.25"]
[Round "4.26"]
[White "Helin, Mikael"]
[Black "Mancini, Giustino"]
[Result "0-1"]
[WhiteElo "1935"]
[BlackElo "2020"]
[PlyCount "72"]
[EventDate "2008.01.22"]
[EventType "swiss"]
[EventRounds "5"]
[EventCountry "GGB"]
[SourceTitle "BritBase"]
[Source "www.saund.co.uk"]
[SourceDate "2018.02.10"]
[SourceVersion "1"]
[SourceVersionDate "2018.02.10"]
[SourceQuality "1"]

1. e4 d5 2. e5 c5 3. b4 Qc7 4. f4 Bf5 5. Nc3 e6 6. g4 Bg6 7. Nf3 cxb4 8. Nxd5
exd5 9. f5 h5 10. Bb5+ Nc6 11. fxg6 hxg4 12. gxf7+ Qxf7 13. Ng5 Qh5 14. h4 Qxg5
15. hxg5 Rxh1+ 16. Bf1 Nd4 17. Qxg4 Nxc2+ 18. Kf2 Bc5+ 19. d4 Bxd4+ 20. Ke2
Bxa1 21. g6 Ne7 22. Kf2 Bd4+ 23. Ke2 Bxe5 24. Bg5 Nf5 25. Bg2 Rh2 26. Kd2 Nfd4
27. Kd1 Bf6 28. Bxd5 Bxg5 29. Qxg5 Rc8 30. Bf7+ Kf8 31. Bd5 Re2 32. Qf4+ Ke7
33. Qg5+ Kd6 34. Bc4 Ne3+ 35. Kc1 Rxc4+ 36. Kb1 Re1+ 0-1

[Event "Gibtelecom ChallWk1 6th"]
[Site "Gibraltar"]
[Date "2008.01.25"]
[Round "4.27"]
[White "Campeanu, Alin-Vivian"]
[Black "Husin, Axel"]
[Result "0-1"]
[WhiteElo "1912"]
[BlackElo "2012"]
[PlyCount "64"]
[EventDate "2008.01.22"]
[EventType "swiss"]
[EventRounds "5"]
[EventCountry "GGB"]
[SourceTitle "BritBase"]
[Source "www.saund.co.uk"]
[SourceDate "2018.02.10"]
[SourceVersion "1"]
[SourceVersionDate "2018.02.10"]
[SourceQuality "1"]

1. e4 e5 2. Nc3 Nc6 3. Bc4 Bc5 4. Qg4 Qf6 5. Nd5 Qxf2+ 6. Kd1 Kf8 7. Nh3 Qd4 8.
d3 Bb6 9. a4 Qc5 10. b4 Qd6 11. a5 Bd4 12. c3 Bxc3 13. Nxc3 Nf6 14. Qf3 Nxb4
15. Nb5 Qe7 16. Qg3 d6 17. Ng5 Be6 18. Nxe6+ fxe6 19. Rf1 c6 20. Nc3 Ke8 21.
Ba3 c5 22. Bxb4 cxb4 23. Na2 d5 24. Bb5+ Nd7 25. Rb1 dxe4 26. Qxe5 exd3 27.
Rxb4 a6 28. Ba4 Rf8 29. Rxf8+ Kxf8 30. Rxb7 Nxe5 31. Rxe7 Kxe7 32. Kd2 Rb8 0-1

[Event "Gibtelecom ChallWk1 6th"]
[Site "Gibraltar"]
[Date "2008.01.25"]
[Round "4.28"]
[White "Edvardsen, Ingar"]
[Black "Joseph, Adrian P"]
[Result "1-0"]
[WhiteElo "1972"]
[BlackElo "1958"]
[PlyCount "79"]
[EventDate "2008.01.22"]
[EventType "swiss"]
[EventRounds "5"]
[EventCountry "GGB"]
[SourceTitle "BritBase"]
[Source "www.saund.co.uk"]
[SourceDate "2018.02.10"]
[SourceVersion "1"]
[SourceVersionDate "2018.02.10"]
[SourceQuality "1"]

1. e4 Nf6 2. e5 Nd5 3. d4 d6 4. c4 Nb6 5. f4 dxe5 6. fxe5 g6 7. Nf3 Bg7 8. Nc3
O-O 9. Bf4 Bg4 10. Qd3 Bxf3 11. gxf3 c5 12. d5 N8d7 13. Qe3 f6 14. e6 Ne5 15.
b3 a5 16. a4 Nc8 17. Be2 b6 18. Bh6 Nd6 19. Bxg7 Nf5 20. Qd2 Nd4 21. Qh6 Nf5
22. Bxf8 Nxh6 23. Bxh6 g5 24. f4 Ng6 25. f5 Nf4 26. Ne4 Nxe2 27. h4 Nd4 28.
hxg5 Qc7 29. gxf6 Nxf5 30. f7+ Kh8 31. Bd2 Qe5 32. Bc3 Nd4 33. Rh4 Nf3+ 34. Kf2
Nd4 35. Rah1 Qf5+ 36. Ke1 Qg6 37. Bxd4+ cxd4 38. Rxh7+ Qxh7 39. Rxh7+ Kxh7 40.
d6 1-0

[Event "Gibtelecom ChallWk1 6th"]
[Site "Gibraltar"]
[Date "2008.01.25"]
[Round "4.29"]
[White "Vasvari, Tamas"]
[Black "Pendlebury, Ian G"]
[Result "0-1"]
[WhiteElo "2174"]
[BlackElo "1952"]
[PlyCount "78"]
[EventDate "2008.01.22"]
[EventType "swiss"]
[EventRounds "5"]
[EventCountry "GGB"]
[SourceTitle "BritBase"]
[Source "www.saund.co.uk"]
[SourceDate "2018.02.10"]
[SourceVersion "1"]
[SourceVersionDate "2018.02.10"]
[SourceQuality "1"]

1. e4 c6 2. d4 d5 3. Nc3 dxe4 4. Nxe4 Nf6 5. Nxf6+ gxf6 6. c3 Bf5 7. Nf3 e6 8.
Be3 Bd6 9. Qd2 Qa5 10. Nh4 Be4 11. Bf4 Bxf4 12. Qxf4 Bc2 13. Qxf6 Rg8 14. Qf4
Nd7 15. Be2 Bg6 16. Nxg6 Rxg6 17. g3 Rf6 18. Qe4 h5 19. a3 O-O-O 20. f4 Rf5 21.
O-O-O Nf6 22. Qf3 Qb6 23. Bd3 Ra5 24. Kc2 c5 25. dxc5 Rxc5 26. Be2 Nd5 27. Rd3
Rd7 28. Rc1 Rdc7 29. Kb1 Rb5 30. b4 Rbc5 31. Ka2 R5c6 32. Qxh5 Kb8 33. Kb3 a5
34. Qh8+ Rc8 35. Qe5+ Ka8 36. Bf3 axb4 37. Bxd5 Rxc3+ 38. Rcxc3 bxc3+ 39. Ka4
Qa6+ 0-1

[Event "Gibtelecom ChallWk1 6th"]
[Site "Gibraltar"]
[Date "2008.01.25"]
[Round "4.30"]
[White "Wynarczyk, Raymond"]
[Black "Munz, Jostein"]
[Result "1/2-1/2"]
[WhiteElo "2039"]
[BlackElo "1861"]
[PlyCount "82"]
[EventDate "2008.01.22"]
[EventType "swiss"]
[EventRounds "5"]
[EventCountry "GGB"]
[SourceTitle "BritBase"]
[Source "www.saund.co.uk"]
[SourceDate "2018.02.10"]
[SourceVersion "1"]
[SourceVersionDate "2018.02.10"]
[SourceQuality "1"]

1. e4 Nf6 2. e5 Nd5 3. c4 Nb6 4. c5 Nd5 5. Bc4 e6 6. Nc3 Nxc3 7. dxc3 Bxc5 8.
Qg4 g6 9. h4 Nc6 10. Nf3 h5 11. Qg3 Be7 12. Ng5 d6 13. Bf4 dxe5 14. Bxe5 Nxe5
15. Qxe5 Bf6 16. Qf4 O-O 17. Rd1 Qe7 18. Rd3 e5 19. Qe3 Bf5 20. Rd2 Rad8 21.
Rxd8 Qxd8 22. f3 b6 23. g3 Bxg5 24. hxg5 Qd6 25. O-O Be6 26. Bxe6 Qxe6 27. Rd1
Re8 28. b3 Qh3 29. Qf2 Qf5 30. Qe3 e4 31. f4 h4 32. Kg2 Qg4 33. Rh1 Qxg3+ 34.
Qxg3 hxg3 35. Re1 Kg7 36. Kxg3 Rd8 37. Re3 f5 38. gxf6+ Kxf6 39. Kg4 Rd3 40.
Rxe4 Rxc3 41. Ra4 a5 1/2-1/2